000 00645nam a2200229Ia 4500
003 OSt
005 20220918175907.0
006 a|||||r|||| 00| 0
007 ta
008 220917b |||||||| |||| 00| 0 eng d
024 _a19,503
037 _cTextual
040 _aARTS
_cARTS
_beng
041 _2eng
_aeng
082 _aO:2M56:74, J6
100 _aShaw Bernard
_910893
245 0 _aMy fair lady, a musical play in two acts based on Pygmalion, adaptation and lyrics by Alan Jay Lerner
260 _c1956
650 _aENGLISH LITERATURE
942 _hO:2M56:74, J6
_cTEXL
_2CC
999 _c159417
_d159417